| 000 | 01128nam a22002291 4500 | ||
|---|---|---|---|
| 001 | 53934 | ||
| 003 | ES-MaACL | ||
| 005 | 20230906162845.0 | ||
| 007 | t| | ||
| 008 | 900725s1866 sp ||||0| spa d | ||
| 080 | _a61:061.236.7(460.27 M.) | ||
| 110 | 2 |
_aSociedad Médica La Amiga del Estudio. _9134900 |
|
| 245 | 1 | 0 |
_aResumen de las tareas de la Sociedad Médica La Amiga del Estudio, en el período académico de 1864 a 1865, leído en la sesión aniversario de 18 de febrero de 1866 / _cpor el secretario de actas D. C. Emilio Gómez Manso. |
| 260 |
_aMadrid : _b[s.n.], _c1866 ( _fImp. de Cristóbal González) |
||
| 300 |
_a39, XXIV p. ; _c26 cm. |
||
| 505 | 8 | _aContiene: Discurso leído en la apertura de la Sociedad Médica La Amiga del Estudio / por el socio de número M. Fernández y Rodríguez . Apéndices al discurso Sobre los sistemas y el método / por M. Fernández y Rodríguez | |
| 610 | 2 | 4 |
_aSociedad Médica La Amiga del Estudio. _9134900 |
| 700 | 1 |
_aGómez Manso, Emilio. _958027 |
|
| 700 | 1 |
_aFernández y Rodríguez, Mariano. _950191 |
|
| 852 | 4 |
_aES-MaACL _jT-75-F-5 |
|
| 852 | 4 |
_aES-MaACL _jT-76-F-9 |
|
| 999 |
_c53934 _d53934 |
||